000 02097nam a2200457 i 4500
001 15585
003 KOSZ 005
005 20200701103910.0
008 200420s1973 pl a f 000 0 pol
015 _aPB 1973/5964
035 _a(OCoLC)749446155
040 _aWA N
_cWA N
_dKOSZ 005/EC
_dKOSZ 005/HR
_dKOSZ 005/RW
041 1 _apol
_hger
046 _k1973
080 _a678.02
100 1 _aSchrader, Werner
_eAutor
245 1 0 _aTworzywa sztuczne :
_bprzeróbka i spawanie /
_cWerner Schrader ; tłumaczyli z niemieckiego [Wacław Zieliński, Stanisława Zielińska].
246 1 _iTytuł oryginału:
_aKunststoffhalbzeug-Verarbeitung und Schweissung (Polyvinylchlorid, Polyäthylen, Polypropylen, Polymethacrylat, Polyamid, Plastschaumstoffe, Polyesterharz)
260 _aWarszawa :
_bWydawnictwa Naukowo-Techniczne,
_c1973.
300 _a498, [2] stron, [1] karta tablic :
_bilustracje ;
_c21 cm.
336 _aTekst
_btxt
_2rdacontent
337 _aBez urządzenia pośredniczącego
_bn
_2rdamedia
338 _aWolumin
_bnc
_2rdacarrier
380 _aKsiążki
380 _aPublikacje fachowe
388 _a1901-2000
388 _a1945-1989
490 1 _aTworzywa Sztuczne
504 _aBibliografia na stronach [497]-498.
521 8 _aPraca jest przeznaczona dla wykwalifikowanych robotników, mistrzów i techników oraz dla inżynierów zatrudnionych w tych gałęziach przemysłu, w których stosuje się i przerabia tworzywa sztuczne. Może ona również służyć jako podręcznik do szkolenia osób zatrudnionych przy przetwórstwie tworzyw sztucznych.
650 7 _aTworzywa sztuczne
650 7 _aSpawanie
655 7 _aPodręcznik
658 _aInżynieria i technika
700 1 _aZieliński, Wacław
_eTłumaczenie
700 1 _aZielińska, Stanisława
_d(?-1976)
_eTłumaczenie
710 2 _aWydawnictwa Naukowo-Techniczne
_4pbl
830 0 _aTworzywa Sztuczne
856 _uhttp://koha.tu.koszalin.pl/cgi-bin/koha/opac-detail.pl?biblionumber=15585
_yKatalog online BPK
942 _2UKD
_cKS
999 _c15585
_d15585